Top 10 NBA Leaders of the Last Decade - Statistics

General Stats
  • This quiz has been taken 21 times
  • The average score is 233 of 300
Answer Stats
Stat Answer % Correct
7.5 | 7.96 | 8.53 | +10 others James Harden
100%
7.66 | 8.02 | 8.28 | +11 others Luka Dončić
100%
7.89 | 8.32 | 8.96 | +12 others Nikola Jokić
100%
25.30 | 26.39 | 27.26 | +2 others Stephen Curry
100%
11.05 | 11.08 | 11.57 | +8 others Anthony Davis
94%
7.38 | 7.88 | 8.16 | +4 others Chris Paul
94%
7.43 | 8.0 | 26.88 | +4 others Damian Lillard
94%
11.00 | 11.52 | 11.61 | +13 others Giannis Antetokounmpo
94%
11.62 Jalen Duren
94%
28.70 Jaylen Brown
94%
26.83 | 26.85 | 30.07 Jayson Tatum
94%
25.51 | 26.60 | 27.1 | 27.89 Kawhi Leonard
94%
25.99 | 26.35 | 26.56 | +4 others Kevin Durant
94%
26.87 | 27.45 Kyrie Irving
94%
7.78 | 8.21 | 8.25 | +9 others LeBron James
94%
10.25 | 10.37 | 10.74 | +5 others Russell Westbrook
94%
30.05 | 31.13 | 31.40 | 32.68 Shai Gilgeous-Alexander
94%
9.11 | 9.84 | 26.14 Cade Cunningham
88%
7.01 | 7.26 | 8.86 Draymond Green
88%
10.1 Tristan Thompson
88%
24.93 | 26.56 | 26.6 | 27.07 Devin Booker
82%
7.86 Jalen Johnson
82%
7.3 | 7.38 | 8.05 | +3 others Ja Morant
82%
10.15 | 10.95 | 11.03 | +8 others Joel Embiid
82%
6.95 | 7.5 | 7.52 | 8.68 Kyle Lowry
82%
28.04 Paul George
82%
8.00 | 8.06 | 9.3 | +7 others Trae Young
82%
10.63 | 11.00 | 11.50 Victor Wembanyama
82%
27.56 | 28.80 Anthony Edwards
76%
10.2 Bam Adebayo
76%
30.5 | 30.79 Bradley Beal
76%
27.30 | 27.87 DeMar DeRozan
76%
8.21 | 11.37 | 11.97 | +5 others Domantas Sabonis
76%
26.60 | 27.89 | 28.26 Donovan Mitchell
76%
11.85 | 12.28 | 12.34 | +2 others Karl-Anthony Towns
76%
10.90 | 11.47 | 11.63 | +6 others Rudy Gobert
76%
11.98 | 13.77 | 15.2 | +2 others Andre Drummond
71%
26.57 De'Aaron Fox
71%
7.35 | 9.22 Dejounte Murray
71%
26.00 | 28.73 Jalen Brunson
71%
8.72 | 9.59 | 10.65 John Wall
71%
8.16 | 9.22 | 10.45 | 10.90 Tyrese Haliburton
71%
26.33 | 28.39 Tyrese Maxey
71%
27.00 Zion Williamson
71%
10.0 | 13.07 | 13.75 | 15.21 DeAndre Jordan
65%
11.03 | 12.85 | 25.21 | 26.97 DeMarcus Cousins
65%
28.93 Isaiah Thomas
65%
10.84 | 11.03 | 11.85 | +2 others Clint Capela
59%
12.49 | 12.70 Dwight Howard
59%
8.07 Fred VanVleet
59%
7.28 | 7.73 Jrue Holiday
59%
10.9 | 11.01 | 11.69 | 12.00 Nikola Vučević
59%
11.07 Deandre Ayton
53%
11.10 Kevin Love
53%
7.80 | 8.57 Darius Garland
47%
9.15 Josh Giddey
47%
11.01 | 11.05 Jusuf Nurkić
47%
7.36 | 7.61 | 8.00 | 8.44 LaMelo Ball
47%
7.23 Lonzo Ball
47%
7.98 | 8.20 Rajon Rondo
47%
11.55 Steven Adams
47%
11.35 | 11.44 | 13.5 | 14.13 Hassan Whiteside
41%
12.63 Ivica Zubac
41%
10.18 | 11.3 | 11.39 | 12.52 Jonas Valančiūnas
41%
27.43 Zach LaVine
41%
7.72 | 8.0 | 8.16 Ben Simmons
35%
10.72 Isaiah Hartenstein
35%
7.37 Kevin Porter Jr.
35%
7.03 | 7.79 | 8.17 Jeff Teague
24%
11.47 Tyson Chandler
24%
10.80 | 12.19 Walker Kessler
24%
11.61 Donovan Clingan
12%
10.99 | 11.04 Enes Freedom
12%
11.09 Zach Edey
12%
7.67 Andrew Nembhard
6%
7.5 Devonte' Graham
6%
8.8 | 9.09 Ricky Rubio
6%
12.00 Jaylen Hoard
0%
11.17 Julian Reese
0%
8.33 Skylar Mays
0%
No matching quizzes found
Score Distribution
Percent of People with Each Score
Percentile by Number Answered
Your Score History
You have not taken this quiz